[Event "POL-chT3 Kujawsko-Pomorskie 2223"]
[Site "Poland"]
[Date "2023.??.??"]
[Round "5.22"]
[White "Makarewicz, Jakub"]
[Black "Kwiatkowski, Jacek"]
[Result "0-1"]
[WhiteElo "1341"]
[BlackElo "1803"]
[PlyCount "78"]
[EventDate "2022.11.13"]
[EventType "team-swiss"]
[EventRounds "7"]
[EventCountry "POL"]
[SourceTitle "EXT 2024"]
[Source "ChessBase"]
[SourceDate "2023.10.10"]
[SourceVersion "1"]
[SourceVersionDate "2023.10.10"]
[SourceQuality "1"]

1. d4 b5 2. Bf4 Nf6 3. Nf3 Nh5 4. Bg3 Nxg3 5. hxg3 Bb7 6. e3 a6 7. Bd3 g6 8. c3 Bg7 9. Nbd2 d6 10. 0-0 0-0 11. Qc2 Nd7 12. e4 e6 13. Rfe1 c5 14. e5 dxe5 15. dxe5 Qc7 16. Be4 Rac8 17. Bxb7 Qxb7 18. Qe4 Qxe4 19. Rxe4 Rfd8 20. Rd1 Nb6 21. Ree1 Rd5 22. Ne4 Rcd8 23. Rxd5 Rxd5 24. Ned2 Kf8 25. Kf1 Ke7 26. b3 Nd7 27. c4 Rd3 28. Ne4 bxc4 29. bxc4 Ra3 30. Re2 h6 31. Rb2 Ra4 32. Rb7 Rxc4 33. Nf6 Bxf6 34. exf6+ Ke8 35. Rc7 Rc1+ 36. Ke2 Kd8 37. Ra7 Rc2+ 38. Ke3 Rxa2 39. Nh4 g5 0-1

[Event "Poznan op 25th"]
[Site "Poznan"]
[Date "2017.08.23"]
[Round "5"]
[White "Kwiatkowski, Jacek"]
[Black "Polak, Karol"]
[Result "1-0"]
[WhiteElo "1751"]
[BlackElo "1581"]
[PlyCount "105"]
[EventDate "2017.08.20"]
[EventType "swiss"]
[EventRounds "9"]
[EventCountry "POL"]
[SourceTitle "CBM 180 Extra"]
[Source "ChessBase"]
[SourceDate "2017.10.06"]
[SourceVersion "1"]
[SourceVersionDate "2017.10.06"]
[SourceQuality "1"]

1. d4 d5 2. Bf4 Bf5 3. e3 e6 4. Nf3 Nf6 5. Nh4 Bd6 6. Nxf5 exf5 7. Bg3 Ne4 8. c3 Nxg3 9. hxg3 g6 10. Qb3 c6 11. Qxb7 Qb6 12. Qc8+ Qd8 13. Qxd8+ Kxd8 14. Nd2 Nd7 15. Bd3 Rb8 16. b4 Ke7 17. Ke2 h5 18. a4 Nf6 19. b5 c5 20. dxc5 Bxc5 21. Nb3 Kd6 22. c4 Bb4 23. Rac1 Rhc8 24. Rhd1 Rc7 25. Nd4 Re8 26. Nc6 Bc5 27. cxd5 h4 28. Kf3 hxg3 29. Kxg3 Ne4+ 30. Kf3 Ng5+ 31. Kf4 f6 32. Rc4 Rh7 33. Kg3 Nf7 34. Be2 Ng5 35. Bf3 Reh8 36. Rdc1 Bb6 37. a5 Bc7 38. Nd4 Bxa5 39. Rc6+ Kd7 40. Rxf6 Bc7+ 41. Rxc7+ Kxc7 42. Rxg6 Nxf3 43. gxf3 Rh3+ 44. Kf4 Rh2 45. Kxf5 Rxf2 46. f4 Rfh2 47. Ke5 R2h5+ 48. f5 Re8+ 49. Ne6+ Kb6 50. d6 Rh7 51. Kd5 Rh1 52. d7 Rd1+ 53. Nd4+ 1-0

[Event "Poznan op 25th"]
[Site "Poznan"]
[Date "2017.08.22"]
[Round "4"]
[White "Simon, Marek"]
[Black "Kwiatkowski, Jacek"]
[Result "1-0"]
[WhiteElo "1837"]
[BlackElo "1751"]
[PlyCount "111"]
[EventDate "2017.08.20"]
[EventType "swiss"]
[EventRounds "9"]
[EventCountry "POL"]
[SourceTitle "CBM 180 Extra"]
[Source "ChessBase"]
[SourceDate "2017.10.06"]
[SourceVersion "1"]
[SourceVersionDate "2017.10.06"]
[SourceQuality "1"]

1. d4 c5 2. d5 e5 3. e4 d6 4. Nc3 Be7 5. Bd3 Bg5 6. Nf3 Bxc1 7. Qxc1 a6 8. a4 Bg4 9. Nd2 b6 10. h3 Bc8 11. Nc4 Nh6 12. g4 f6 13. f4 Nf7 14. f5 Ra7 15. Qe3 Rb7 16. Na3 Qc7 17. Kd2 Bd7 18. b3 Qd8 19. Qe2 Ra7 20. Nc4 Qc7 21. Ne3 0-0 22. h4 Be8 23. Nf1 Qe7 24. Nh2 Nh8 25. Nf3 Qd8 26. Qg2 Rb7 27. Qf1 Ra7 28. Ne2 Rb7 29. Nc3 Ra7 30. Rg1 Rff7 31. g5 Rf8 32. gxf6 Qxf6 33. Ng5 Qh6 34. Qh3 Nf7 35. Qg3 Kh8 36. Kc1 Nd7 37. Kb2 Nf6 38. Ne6 Nh5 39. Qg4 Rg8 40. Ne2 Rb7 41. Bxa6 Ra7 42. Bb5 Nf6 43. Qf3 Bxb5 44. axb5 Rxa1 45. Rxa1 Qxh4 46. Nc3 Ng5 47. Nxg5 Qxg5 48. Ra6 Nd7 49. Ra7 Qd8 50. Qh1 Rf8 51. Qa1 Qc8 52. Qa6 Qxa6 53. bxa6 Rd8 54. Rb7 h6 55. a7 Kh7 56. Rxd7 1-0

[Event "POL-chT3 Kujawsko Pomorskie 1617"]
[Site "Poland"]
[Date "2017.??.??"]
[Round "5.17"]
[White "Wargulec, Dariusz"]
[Black "Kwiatkowski, Jacek"]
[Result "1-0"]
[WhiteElo "1934"]
[BlackElo "1822"]
[PlyCount "61"]
[EventDate "2016.11.06"]
[EventType "team-tourn"]
[EventRounds "9"]
[EventCountry "POL"]
[SourceTitle "EXT 2018"]
[Source "ChessBase"]
[SourceDate "2017.10.13"]
[SourceVersion "1"]
[SourceVersionDate "2017.10.13"]
[SourceQuality "1"]

1. d4 Nf6 2. Bg5 c5 3. d5 Qa5+ 4. c3 d6 5. Bxf6 exf6 6. e4 f5 7. Bd3 fxe4 8. Qe2 Be7 9. Bxe4 Nd7 10. Nd2 Nf6 11. Ngf3 0-0 12. 0-0 Re8 13. Bc2 b5 14. a4 Nxd5 15. axb5 Qb6 16. Qe4 g6 17. Qxd5 Be6 18. Qc6 Qxc6 19. bxc6 Reb8 20. Rfb1 Rb6 21. c4 f5 22. Ba4 Bf6 23. Ra2 Rab8 24. Bb5 Rxb5 25. Re1 Bf7 26. c7 Rc8 27. cxb5 Bxa2 28. Ra1 Bd5 29. Rxa7 Kf7 30. b3 Ke6 31. Nc4 1-0

[Event "Poznan op 24th"]
[Site "Poznan"]
[Date "2016.08.13"]
[Round "7"]
[White "Kwiatkowski, Jacek"]
[Black "Szadkowski, Kamil"]
[Result "0-1"]
[WhiteElo "1870"]
[BlackElo "2201"]
[PlyCount "104"]
[EventDate "2016.08.08"]
[EventType "swiss"]
[EventRounds "9"]
[EventCountry "POL"]
[SourceTitle "CBM 173 Extra"]
[Source "ChessBase"]
[SourceDate "2016.08.29"]
[SourceVersion "1"]
[SourceVersionDate "2016.08.29"]
[SourceQuality "1"]

1. d4 Nf6 2. Nf3 e6 3. e3 b6 4. Bd3 Bb7 5. Nbd2 c5 6. dxc5 bxc5 7. e4 d5 8. exd5 exd5 9. b3 Be7 10. Bb2 0-0 11. 0-0 Nc6 12. Re1 Qc7 13. Ne5 d4 14. Ng4 g6 15. Nxf6+ Bxf6 16. Ne4 Be7 17. Qd2 Ne5 18. Bf1 Ng4 19. g3 f5 20. Bc4+ Kh8 21. Nxc5 Bxc5 22. Bxd4+ Bxd4 23. Qxd4+ Nf6 24. Re6 Qg7 25. Rae1 Rad8 26. Qxa7 Ne4 27. f3 Qc3 28. Re3 Qa1+ 29. Kg2 Rd2+ 30. Re2 Qd1 31. Qe3 Rxe2+ 32. Bxe2 Qd7 33. Bc4 Qd2+ 34. Qxd2 Nxd2 35. Be2 Rd8 36. Kf2 Nb1 37. a4 Nc3 38. Bd3 Bd5 39. Re7 Bxb3 40. cxb3 Rxd3 41. a5 Rd2+ 42. Ke1 Ra2 43. b4 Nb5 44. Rb7 Nd4 45. f4 Kg8 46. Rb6 Kg7 47. a6 Rxh2 48. b5 Ra2 49. Rb7+ Kh6 50. a7 Nxb5 51. Rxb5 Rxa7 52. Rb3 Kh5 0-1

[Event "Poznan op 24th"]
[Site "Poznan"]
[Date "2016.08.12"]
[Round "5"]
[White "Kwiatkowski, Jacek"]
[Black "Stochnialek, Dominika"]
[Result "1-0"]
[WhiteElo "1870"]
[BlackElo "1575"]
[PlyCount "45"]
[EventDate "2016.08.08"]
[EventType "swiss"]
[EventRounds "9"]
[EventCountry "POL"]
[SourceTitle "CBM 173 Extra"]
[Source "ChessBase"]
[SourceDate "2016.08.29"]
[SourceVersion "1"]
[SourceVersionDate "2016.08.29"]
[SourceQuality "1"]

1. d4 e6 2. Nf3 f5 3. e3 Nf6 4. Bd3 b6 5. 0-0 Bb7 6. b3 Bd6 7. Bb2 0-0 8. Nbd2 c6 9. Qe2 Bc7 10. e4 fxe4 11. Nxe4 d5 12. Neg5 Qd6 13. Qxe6+ Qxe6 14. Nxe6 Rf7 15. Nxc7 Rxc7 16. Rfe1 Rf7 17. Ba3 Nbd7 18. Ng5 Rff8 19. Bxf8 Rxf8 20. Re7 h6 21. Ne6 Rf7 22. Rxf7 Kxf7 23. Nd8+ 1-0

[Event "Poznan op 24th"]
[Site "Poznan"]
[Date "2016.08.10"]
[Round "3"]
[White "Kwiatkowski, Jacek"]
[Black "Rydlewski, Marek"]
[Result "0-1"]
[WhiteElo "1870"]
[BlackElo "1662"]
[PlyCount "97"]
[EventDate "2016.08.08"]
[EventType "swiss"]
[EventRounds "9"]
[EventCountry "POL"]
[SourceTitle "CBM 173 Extra"]
[Source "ChessBase"]
[SourceDate "2016.08.29"]
[SourceVersion "1"]
[SourceVersionDate "2016.08.29"]
[SourceQuality "1"]

1. d4 Nf6 2. Nf3 e6 3. e3 b6 4. Bd3 Bb7 5. Nbd2 d5 6. Ne5 Bd6 7. f4 0-0 8. 0-0 c5 9. c3 Ne4 10. Qf3 f6 11. Ng4 f5 12. Ne5 Nd7 13. Qh3 Ndf6 14. Ndf3 Qc8 15. Qh4 Ba6 16. Qe1 Bxd3 17. Nxd3 Qe8 18. Bd2 c4 19. Nde5 Bxe5 20. dxe5 Nd7 21. b4 a5 22. Qc1 axb4 23. cxb4 Nb8 24. Bc3 Nc6 25. Qc2 Ra3 26. Bd2 c3 27. Bc1 Nxb4 28. Qb1 Ra4 29. a3 Qa8 30. Nd4 Re8 31. Qb3 Nc6 32. Nb5 Rc8 33. Rd1 Rc4 34. Ra2 Na5 35. Qc2 Nb7 36. Rd4 Rxd4 37. Nxd4 Nbc5 38. h3 Qa4 39. Qxa4 Nxa4 40. Nxe6 Nac5 41. Nd4 Nd3 42. Rc2 g6 43. Ne2 b5 44. Ra2 Ra8 45. Rc2 b4 46. axb4 Nxb4 47. Rxc3 Nxc3 48. Nxc3 Ra1 49. Ne2 0-1

[Event "Poznan op 24th"]
[Site "Poznan"]
[Date "2016.08.09"]
[Round "2"]
[White "Niekras, Dawid"]
[Black "Kwiatkowski, Jacek"]
[Result "1-0"]
[WhiteElo "2333"]
[BlackElo "1870"]
[PlyCount "73"]
[EventDate "2016.08.08"]
[EventType "swiss"]
[EventRounds "9"]
[EventCountry "POL"]
[SourceTitle "CBM 173 Extra"]
[Source "ChessBase"]
[SourceDate "2016.08.29"]
[SourceVersion "1"]
[SourceVersionDate "2016.08.29"]
[SourceQuality "1"]

1. e4 c6 2. d4 d5 3. e5 Bf5 4. Nf3 e6 5. Be2 c5 6. c3 Nc6 7. 0-0 Qb6 8. dxc5 Bxc5 9. b4 Be7 10. Be3 Qc7 11. Qa4 Kf8 12. Bf4 f6 13. exf6 Qxf4 14. fxe7+ Ngxe7 15. Nbd2 h6 16. Nb3 Kf7 17. Nbd4 Rhe8 18. g3 Qd6 19. Nxf5 Nxf5 20. Rad1 a6 21. Rfe1 b5 22. Qb3 Kg8 23. a4 Rab8 24. axb5 axb5 25. Bd3 Nfe7 26. Qc2 Rf8 27. Qe2 Rf6 28. Nd2 Na7 29. Nb3 Nec6 30. f4 Rb6 31. Nc5 Nd8 32. Bc2 Qc6 33. f5 exf5 34. Rxd5 Rb8 35. Qe8+ Rf8 36. Qxc6 Naxc6 37. Nd7 1-0

[Event "POL-chT3 Kujawsko Pomorskie 1516"]
[Site "Poland"]
[Date "2016.01.10"]
[Round "4"]
[White "Wargulec, Dariusz"]
[Black "Kwiatkowski, Jacek"]
[Result "1-0"]
[WhiteElo "1929"]
[BlackElo "1922"]
[PlyCount "81"]
[EventDate "2015.11.08"]
[EventType "team-tourn"]
[EventRounds "9"]
[EventCountry "POL"]
[SourceTitle "EXT 2019"]
[Source "ChessBase"]
[SourceDate "2018.10.10"]
[SourceVersion "1"]
[SourceVersionDate "2018.10.10"]
[SourceQuality "1"]

1. c4 e5 2. Nc3 Nf6 3. Nf3 Nc6 4. g3 Bb4 5. Nd5 Bc5 6. d3 h6 7. Bg2 d6 8. 0-0 0-0 9. a3 a6 10. Nd2 Nd4 11. Nxf6+ Qxf6 12. Ne4 Qe7 13. Nxc5 dxc5 14. e3 Nf5 15. Qe2 Rb8 16. a4 Rd8 17. b3 Qd6 18. Rd1 Be6 19. Bb2 f6 20. Rd2 Rd7 21. Bc3 b6 22. Rf1 c6 23. f4 Rc8 24. fxe5 fxe5 25. g4 Ne7 26. Be4 Bf7 27. h4 b5 28. axb5 cxb5 29. Qh2 Qe6 30. Bxe5 bxc4 31. bxc4 Bg6 32. Rf4 Bxe4 33. Rxe4 Rcd8 34. Bc3 Qg6 35. h5 Qb6 36. Rb2 Qc6 37. Qe5 Nc8 38. Rb8 Rf7 39. Rf4 Qc7 40. Rxf7 Qxe5 41. Bxe5 1-0

[Event "Kujawsko Pomorskie-ch op 67th"]
[Site "Inowroclaw"]
[Date "2014.08.13"]
[Round "7"]
[White "Kwiatkowski, Jacek"]
[Black "Lewandowski, Marek"]
[Result "1-0"]
[WhiteElo "1907"]
[BlackElo "1824"]
[PlyCount "93"]
[EventDate "2014.08.09"]
[EventType "swiss"]
[EventRounds "9"]
[EventCountry "POL"]
[SourceTitle "EXT 2019"]
[Source "ChessBase"]
[SourceDate "2018.10.10"]
[SourceVersion "1"]
[SourceVersionDate "2018.10.10"]
[SourceQuality "1"]

1. d4 Nf6 2. Nf3 e6 3. Bg5 d5 4. c4 c6 5. cxd5 exd5 6. Nc3 Be7 7. Bxf6 Bxf6 8. e3 Bg4 9. h3 Bf5 10. Bd3 Bxd3 11. Qxd3 Nd7 12. 0-0 0-0 13. b4 a6 14. a4 Nb6 15. Nd2 Qd6 16. Rab1 Rac8 17. Rfc1 h6 18. b5 axb5 19. axb5 c5 20. dxc5 Rxc5 21. Nde4 Qc7 22. Nxc5 Qxc5 23. Na4 Qd6 24. Nxb6 Qxb6 25. Qxd5 Rd8 26. Qc5 Qe6 27. Rd1 Rc8 28. Qd5 Qb6 29. Rbc1 Rd8 30. Qf5 Rxd1+ 31. Rxd1 g6 32. Qd7 Kg7 33. Rd5 h5 34. Qd6 Qa5 35. Kh2 Qa2 36. Rd2 Qa1 37. g3 h4 38. Kg2 Qa4 39. Qd5 hxg3 40. fxg3 b6 41. Rf2 Qa1 42. Qc6 Bg5 43. Qxb6 Qc1 44. Qd4+ Kg8 45. Ra2 Kh7 46. Rf2 Bxe3 47. Rxf7+ 1-0

[Event "Kujawsko Pomorskie-ch op 67th"]
[Site "Inowroclaw"]
[Date "2014.08.12"]
[Round "6"]
[White "Zolnierowicz, Krzysztof"]
[Black "Kwiatkowski, Jacek"]
[Result "0-1"]
[WhiteElo "2063"]
[BlackElo "1907"]
[PlyCount "45"]
[EventDate "2014.08.09"]
[EventType "swiss"]
[EventRounds "9"]
[EventCountry "POL"]
[SourceTitle "EXT 2019"]
[Source "ChessBase"]
[SourceDate "2018.10.10"]
[SourceVersion "1"]
[SourceVersionDate "2018.10.10"]
[SourceQuality "1"]

1. e4 d5 2. Nc3 d4 3. Nce2 e5 4. Ng3 Be6 5. Nf3 Nd7 6. Be2 h6 7. 0-0 Be7 8. d3 c6 9. Ne1 g5 10. Bg4 Ndf6 11. Bxe6 fxe6 12. Nh5 Qd6 13. c3 0-0-0 14. cxd4 exd4 15. f4 Nxh5 16. Qxh5 Rf8 17. fxg5 Rxf1+ 18. Kxf1 Qe5 19. Nf3 hxg5 20. Nxe5 Rxh5 21. Nf7 Kd7 22. Kg1 a6 23. Bd2 0-1

[Event "Kujawsko Pomorskie-ch op 67th"]
[Site "Inowroclaw"]
[Date "2014.08.11"]
[Round "5"]
[White "Schils, Heinz"]
[Black "Kwiatkowski, Jacek"]
[Result "1/2-1/2"]
[WhiteElo "1817"]
[BlackElo "1907"]
[PlyCount "201"]
[EventDate "2014.08.09"]
[EventType "swiss"]
[EventRounds "9"]
[EventCountry "POL"]
[SourceTitle "EXT 2019"]
[Source "ChessBase"]
[SourceDate "2018.10.10"]
[SourceVersion "1"]
[SourceVersionDate "2018.10.10"]
[SourceQuality "1"]

1. d4 Nf6 2. Nf3 c5 3. d5 e6 4. Nc3 exd5 5. Nxd5 Nxd5 6. Qxd5 Nc6 7. Be3 d6 8. g3 Be6 9. Qd1 Qb6 10. b3 h6 11. Bg2 Be7 12. 0-0 Rd8 13. c3 Bf6 14. Qc2 0-0 15. Rad1 Qa6 16. Rfe1 Ne7 17. Bc1 Qa5 18. Bd2 b5 19. e4 Rfe8 20. h3 Qc7 21. Bf4 Ng6 22. Bc1 Qa5 23. Bd2 Bc8 24. c4 b4 25. Nh2 Bb7 26. Ng4 Bd4 27. Ne3 h5 28. Nf5 Bf6 29. Bc1 Qc7 30. Bb2 Bxb2 31. Qxb2 f6 32. Qe2 Kf7 33. Qxh5 Rh8 34. Qg4 Bc8 35. h4 Rhg8 36. f4 a5 37. Qe2 Rge8 38. Qd3 Bxf5 39. exf5 Rxe1+ 40. Rxe1 Ne7 41. Bd5+ Kf8 42. Qe4 Qd7 43. g4 Re8 44. Qe6 Qxe6 45. fxe6 Ng6 46. f5 Nxh4 47. Kf2 Ke7 48. Rh1 Rh8 49. Rh3 g5 50. Ke2 Rh6 51. Kd3 Nxf5 52. Rxh6 Nxh6 53. Bf3 Kxe6 54. Ke3 Nf7 55. Bd1 Ne5 56. Be2 Nc6 57. Bf3 Ne7 58. Be2 Nc8 59. Bf1 Nb6 60. Be2 a4 61. Bf1 axb3 62. axb3 Nc8 63. Be2 Ne7 64. Bf1 Nc6 65. Be2 Nd4 66. Bd1 d5 67. cxd5+ Kxd5 68. Kd3 f5 69. gxf5 Nxf5 70. Bf3+ Ke5 71. Kc4 Kd6 72. Kd3 Ke5 73. Kc4 Kd6 74. Kd3 Nd4 75. Bd1 Kd5 76. Ke3 c4 77. bxc4+ Kxc4 78. Ke4 Kc3 79. Ba4 Kc4 80. Be8 Kc3 81. Bf7 Nb3 82. Kf5 Nd2 83. Kxg5 Nc4 84. Kf4 b3 85. Bg6 Na3 86. Ke3 Nc4+ 87. Ke2 b2 88. Bb1 Na3 89. Ba2 Kc2 90. Ke3 Nb5 91. Bc4 Na3 92. Ba2 Nb1 93. Be6 Nc3 94. Bf5+ Kc1 95. Kd4 Nd1 96. Bg6 Kd2 97. Kc4 Ne3+ 98. Kb3 Kc1 99. Bh7 Nf1 100. Kc3 Nd2 101. Bg6 1/2-1/2

[Event "Kujawsko Pomorskie-ch op 67th"]
[Site "Inowroclaw"]
[Date "2014.08.10"]
[Round "2"]
[White "Kwiatkowski, Jacek"]
[Black "Blocinski, Maciej"]
[Result "0-1"]
[WhiteElo "1907"]
[BlackElo "1733"]
[PlyCount "70"]
[EventDate "2014.08.09"]
[EventType "swiss"]
[EventRounds "9"]
[EventCountry "POL"]
[SourceTitle "EXT 2019"]
[Source "ChessBase"]
[SourceDate "2018.10.10"]
[SourceVersion "1"]
[SourceVersionDate "2018.10.10"]
[SourceQuality "1"]

1. d4 Nf6 2. Nf3 c5 3. c4 cxd4 4. Nxd4 e5 5. Nc2 d5 6. cxd5 Bc5 7. Nc3 Bf5 8. g3 Qb6 9. e3 e4 10. Rb1 Nbd7 11. b4 Bd6 12. Qd4 Be5 13. Qd2 0-0 14. Bb2 Bd6 15. Na4 Qd8 16. Be2 Ne5 17. Bxe5 Bxe5 18. Rd1 Rc8 19. 0-0 Bh3 20. Rfe1 Qd7 21. Nc5 Qf5 22. Nd4 Bxd4 23. exd4 Qxd5 24. Qf4 b6 25. Nb3 Be6 26. f3 Rc3 27. fxe4 Qxe4 28. Qxe4 Nxe4 29. d5 Bf5 30. Nd4 Bg6 31. Nb5 Re3 32. d6 a6 33. d7 Rd8 34. Bf3 Rxf3 35. Rc1 Rd3 0-1

[Event "Kujawsko Pomorskie-ch op 67th"]
[Site "Inowroclaw"]
[Date "2014.08.10"]
[Round "3"]
[White "Sikorski, Dariusz"]
[Black "Kwiatkowski, Jacek"]
[Result "1-0"]
[WhiteElo "2085"]
[BlackElo "1907"]
[PlyCount "99"]
[EventDate "2014.08.09"]
[EventType "swiss"]
[EventRounds "9"]
[EventCountry "POL"]
[SourceTitle "EXT 2019"]
[Source "ChessBase"]
[SourceDate "2018.10.10"]
[SourceVersion "1"]
[SourceVersionDate "2018.10.10"]
[SourceQuality "1"]

1. e4 e6 2. d4 Nc6 3. Nf3 d5 4. Nc3 Bb4 5. e5 Nge7 6. Bd3 Nf5 7. a3 Be7 8. Ne2 h5 9. c3 g5 10. h4 g4 11. Ng5 Nxh4 12. Rxh4 Bxg5 13. Bxg5 Qxg5 14. g3 Ne7 15. Nf4 Ng6 16. Bxg6 fxg6 17. Qd3 Rg8 18. Qb5+ c6 19. Qe2 Bd7 20. Qe3 Qf5 21. Rh2 Ke7 22. 0-0-0 Raf8 23. Nd3 b6 24. b3 Rh8 25. Kb2 Rc8 26. c4 Rc7 27. c5 g5 28. Qd2 Be8 29. cxb6 axb6 30. Qb4+ Kf7 31. Qxb6 Re7 32. a4 Kg7 33. a5 Bg6 34. Qc5 Rf7 35. Qc1 Rb8 36. Nc5 Ra7 37. Qc3 Bf7 38. Ra1 Rb5 39. a6 h4 40. gxh4 gxh4 41. Nb7 Qf4 42. Ra4 Bg6 43. Nc5 Bf5 44. Rh1 Rxc5 45. dxc5 d4 46. Qb4 Qxe5 47. f4 Qxf4 48. Rxh4 Kf6 49. Ka2 e5 50. Rh1 1-0

[Event "POL-chT3 Kujawsko Pomorskie 1314"]
[Site "Poland"]
[Date "2013.??.??"]
[Round "5.27"]
[White "Szulgacz, Andrzej"]
[Black "Kwiatkowski, Jacek"]
[Result "0-1"]
[WhiteElo "1800"]
[BlackElo "1890"]
[PlyCount "96"]
[EventDate "2013.11.03"]
[EventType "team-tourn"]
[EventRounds "11"]
[EventCountry "POL"]
[SourceTitle "EXT 2015"]
[Source "ChessBase"]
[SourceDate "2014.11.20"]
[SourceVersion "1"]
[SourceVersionDate "2014.11.20"]
[SourceQuality "1"]
[WhiteTeam "Bydgoszcz UKS MDK nr 5"]
[BlackTeam "Inowroclaw OSiR Pozkal"]
[WhiteTeamCountry "POL"]
[BlackTeamCountry "POL"]

1. e4 d5 2. e5 Bf5 3. d4 c5 4. c3 Nc6 5. Nf3 e6 6. Bb5 Qb6 7. a4 a6 8. Bd3 Bg4 9. h3 Bh5 10. Be2 Bxf3 11. Bxf3 cxd4 12. cxd4 Bb4+ 13. Nc3 Qxd4 14. Qxd4 Nxd4 15. 0-0 Rc8 16. Ne2 Nb3 17. Rb1 Ne7 18. Bg4 0-0 19. Be3 Rc4 20. Rfd1 Nc6 21. Rd3 Nc5 22. Bxc5 Bxc5 23. b3 Rc2 24. b4 Ba7 25. Rc3 Rxc3 26. Nxc3 Nxe5 27. b5 Rc8 28. Ne2 Nc4 29. bxa6 bxa6 30. g3 f5 31. Bf3 Nd2 32. Rb7 Nxf3+ 33. Kg2 Nd4 34. Rxa7 Nxe2 35. Rxa6 Kf7 36. a5 Rc7 37. Rb6 Ra7 38. a6 Kf6 39. Kf3 Nc3 40. g4 g6 41. Rc6 Nb5 42. Kf4 g5+ 43. Ke3 Nc7 44. gxf5 Kxf5 45. Kd4 Nxa6 46. Rc8 Rf7 47. Rc6 e5+ 48. Kd3 Nb4+ 0-1

[Event "POL-chT3 Kujawsko Pomorskie 1314"]
[Site "Poland"]
[Date "2013.??.??"]
[Round "2.7"]
[White "Zwara, Szymon"]
[Black "Kwiatkowski, Jacek"]
[Result "1-0"]
[WhiteElo "1777"]
[BlackElo "1890"]
[PlyCount "61"]
[EventDate "2013.11.03"]
[EventType "team-tourn"]
[EventRounds "11"]
[EventCountry "POL"]
[SourceTitle "EXT 2015"]
[Source "ChessBase"]
[SourceDate "2014.11.20"]
[SourceVersion "1"]
[SourceVersionDate "2014.11.20"]
[SourceQuality "1"]
[WhiteTeam "Torun UKS OPP"]
[BlackTeam "Inowroclaw OSiR Pozkal"]
[WhiteTeamCountry "POL"]
[BlackTeamCountry "POL"]

1. e4 d5 2. exd5 Qxd5 3. d4 Nf6 4. Nf3 Bg4 5. Be2 e6 6. 0-0 Nc6 7. h3 Bh5 8. Be3 Be7 9. c4 Qd6 10. Nc3 a6 11. a3 0-0 12. b4 Rfd8 13. g4 Bg6 14. Qb3 Ne4 15. Rad1 h5 16. c5 Qd7 17. gxh5 Nxc3 18. Qxc3 Bf5 19. Kh2 Bf6 20. Rg1 Qe7 21. Ne5 Bxe5+ 22. dxe5 Rxd1 23. Bxd1 Qh4 24. Bg5 Qxf2+ 25. Rg2 Qf1 26. Be2 Qb1 27. Bf6 g6 28. Qd2 Kh7 29. hxg6+ Bxg6 30. Qg5 Qf5 31. Qh4+ 1-0

[Event "POL-chT Region 0607"]
[Site "Poland"]
[Date "2007.02.18"]
[Round "8"]
[White "Kwiatkowski, Jacek"]
[Black "Ludwinski, Daniel"]
[Result "1-0"]
[WhiteElo "2000"]
[BlackElo "1600"]
[PlyCount "53"]
[EventDate "2006.11.12"]
[EventType "team-tourn"]
[EventRounds "11"]
[EventCountry "POL"]
[SourceTitle "EXT 2008"]
[Source "ChessBase"]
[SourceDate "2007.11.25"]
[SourceVersion "1"]
[SourceVersionDate "2007.11.25"]
[SourceQuality "1"]

1. d4 d5 2. Nf3 Nf6 3. c4 e6 4. Bg5 Be7 5. Nc3 0-0 6. e3 c6 7. cxd5 exd5 8. Bd3 Bg4 9. h3 Bh5 10. 0-0 Nbd7 11. Rb1 Qc7 12. b4 a6 13. Qe2 Rfe8 14. Rfc1 Rac8 15. a4 Bd6 16. Bf5 Ne4 17. Nxd5 cxd5 18. Rxc7 Rxc7 19. g4 Nc3 20. Qd3 Nxb1 21. gxh5 Nc3 22. Bxd7 Ne2+ 23. Qxe2 Rxd7 24. b5 f6 25. Bh4 axb5 26. Qxb5 Red8 27. Qxd5+ 1-0